Malé je krásne
Na veľkolepé ambície developeri v maloobchode postupne zabúdajú. Megaambície nahradili triezvejšie plány.
Salvato in:
| Autore principale: | |
|---|---|
| Natura: | Capitolo di libro |
| Lingua: | slovacco |
| Soggetti: | |
| Tags: |
Nessun Tag, puoi essere il primo ad aggiungerne!!
|
MARC
| LEADER | 00000naa a2200000 4500 | ||
|---|---|---|---|
| 001 | 0135923 | ||
| 005 | 20231113073351.1 | ||
| 041 | 0 | |a slo | |
| 044 | |a SK | ||
| 245 | 1 | 0 | |a Malé je krásne |c Ľuboš Mistrík |
| 520 | |a Na veľkolepé ambície developeri v maloobchode postupne zabúdajú. Megaambície nahradili triezvejšie plány. | ||
| 610 | 2 | 0 | |a maloobchod |
| 610 | 2 | 0 | |a centrá obchodné |
| 610 | 2 | 0 | |a dodávatelia |
| 610 | 2 | 0 | |a Slovensko |
| 100 | 1 | |a Mistrík, Ľuboš | |